| 000 | 00589nam a22001337a 4500 | ||
|---|---|---|---|
| 020 | _a81-86361-06-5 | ||
| 082 |
_a616.0252 _bPAR/F |
||
| 100 | _aPARULEKAR, SHASHANK V | ||
| 245 | _aFIRST AID | ||
| 260 |
_aMUMBAI _bVPRA MEDICAL PUBLICATIONS _c2004 |
||
| 520 | _aFirst aid refers to the emergency or immediate care you should provide when a person is injured or ill until full medical treatment is available. For minor conditions, first aid care may be enough. For serious problems, first aid care should be continued until more advanced care becomes available. | ||
| 650 | _aG.K | ||
| 942 | _cBK | ||
| 999 |
_c6768 _d6768 |
||